[Event "Rewal op-B 15th"]
[Site "Rewal"]
[Date "2010.08.27"]
[Round "8"]
[White "Gola, Karolina"]
[Black "Murawko, Katarzyna"]
[Result "1-0"]
[WhiteElo "1871"]
[BlackElo "1767"]
[PlyCount "73"]
[EventDate "2010.08.18"]
[EventType "swiss"]
[EventRounds "9"]
[EventCountry "POL"]
[SourceTitle "EXT 2014"]
[Source "ChessBase"]
[SourceDate "2013.11.20"]
[SourceVersion "1"]
[SourceVersionDate "2013.11.20"]
[SourceQuality "1"]

1. e4 c5 2. Nc3 d6 3. g3 Nf6 4. Bg2 e6 5. d3 Nc6 6. Be3 g6 7. h3 Bg7 8. Qd2 0-0 9. Nge2 Re8 10. 0-0 Qd7 11. f4 b6 12. Rad1 Kh8 13. d4 cxd4 14. Nxd4 Bb7 15. Nxc6 Bxc6 16. Qxd6 Qb7 17. Qb4 Rab8 18. Bd4 a5 19. Qc4 b5 20. Qe2 b4 21. e5 Nh5 22. Bxc6 Qxc6 23. Ne4 Bh6 24. Kh2 Rec8 25. Rf2 Qa4 26. b3 Qc6 27. Qe3 Qc7 28. Nd6 Rd8 29. Rfd2 Rg8 30. Ba7 Ra8 31. Bb6 Qe7 32. Bc5 Qc7 33. Ne4 Qc6 34. Rd6 Qb5 35. Rb6 Qe8 36. Nd6 Qf8 37. Nf5 1-0

[Event "POL-chT4 Slaskie"]
[Site "Poland"]
[Date "2008.04.13"]
[Round "5.6"]
[White "Gola, Karolina"]
[Black "Bartosik, Joanna"]
[Result "0-1"]
[WhiteElo "1873"]
[BlackElo "1860"]
[PlyCount "47"]
[EventDate "2008.02.10"]
[EventType "team-swiss"]
[EventRounds "9"]
[EventCountry "POL"]
[SourceTitle "EXT 2019"]
[Source "ChessBase"]
[SourceDate "2018.10.10"]
[SourceVersion "1"]
[SourceVersionDate "2018.10.10"]
[SourceQuality "1"]

1. e4 e5 2. Nf3 Nc6 3. Nc3 Nf6 4. d4 exd4 5. Nxd4 Bc5 6. Be3 Bb6 7. Be2 Nxd4 8. Bxd4 Bxd4 9. Qxd4 d6 10. 0-0-0 0-0 11. f3 Re8 12. g4 Qe7 13. h4 b6 14. Bb5 Bd7 15. h5 Bxb5 16. Nxb5 a6 17. Nc3 Qe5 18. Qd2 b5 19. g5 Nd7 20. f4 Qc5 21. Rhe1 Nb6 22. Qg2 Nc4 23. Nd5 Kh8 24. Rd3 0-1

[Event "Chorzow op"]
[Site "Chorzow"]
[Date "2008.04.01"]
[Round "6"]
[White "Gola, Karolina"]
[Black "Banasik, Henryk"]
[Result "0-1"]
[WhiteElo "1873"]
[BlackElo "2138"]
[PlyCount "48"]
[EventDate "2008.03.29"]
[EventType "swiss"]
[EventRounds "9"]
[EventCountry "POL"]
[SourceTitle "EXT 2010"]
[Source "ChessBase"]
[SourceDate "2010.11.25"]
[SourceVersion "1"]
[SourceVersionDate "2010.11.25"]
[SourceQuality "1"]

1. e4 g6 2. d4 Bg7 3. Nc3 d6 4. Be3 c6 5. Qd2 Nd7 6. f3 Qc7 7. 0-0-0 b5 8. h3 b4 9. Nce2 a5 10. Kb1 Nb6 11. Nc1 h5 12. f4 d5 13. e5 Bf5 14. Nd3 Nc4 15. Qf2 Qb6 16. Nc5 a4 17. Bxc4 dxc4 18. d5 Qb5 19. Ka1 b3 20. cxb3 axb3 21. a3 c3 22. Bc1 Bc2 23. Re1 Rxa3+ 24. bxa3 b2+ 0-1

[Event "Rewal op-B 12th"]
[Site "Rewal"]
[Date "2007.08.29"]
[Round "8"]
[White "Gola, Karolina"]
[Black "Pienkos, Slawomir"]
[Result "0-1"]
[WhiteElo "1878"]
[BlackElo "2064"]
[PlyCount "112"]
[EventDate "2007.08.23"]
[EventType "swiss"]
[EventRounds "9"]
[EventCountry "POL"]
[SourceTitle "CBM 120 Extra"]
[Source "ChessBase"]
[SourceDate "2007.11.01"]
[SourceVersion "1"]
[SourceVersionDate "2007.11.01"]
[SourceQuality "1"]

1. e4 d6 2. d4 g6 3. Nc3 Bg7 4. Be3 Nc6 5. Qd2 e5 6. dxe5 Bxe5 7. f4 Bg7 8. Nf3 Nge7 9. 0-0-0 0-0 10. h3 Be6 11. Kb1 a6 12. g4 b5 13. f5 Bc4 14. Bh6 f6 15. g5 Bxh6 16. gxh6 Bf7 17. h4 Kh8 18. Bh3 Rg8 19. fxg6 Nxg6 20. Rhg1 Qe7 21. Bf5 Nce5 22. Nxe5 fxe5 23. Qg5 Rae8 24. Qxe7 Rxe7 25. Rg5 Nf4 26. Rdg1 Rxg5 27. Rxg5 Bg6 28. Bxg6 hxg6 29. Nd1 Kh7 30. Ne3 Kxh6 31. Rg1 Rf7 32. Rh1 Ne2 33. c3 Ng3 34. Rh3 Nxe4 35. Kc2 c6 36. c4 Rf4 37. cxb5 axb5 38. b3 Nc5 39. Rh2 d5 40. Rg2 Nd7 41. Ng4+ Kh5 42. Ne3 d4 43. Nd1 e4 44. a4 bxa4 45. bxa4 Ne5 46. Rg5+ Kxh4 47. Rxe5 g5 48. a5 g4 49. a6 e3 50. Kd3 g3 51. Ra5 g2 52. a7 g1Q 53. a8Q Qxd1+ 54. Kc4 Qc2+ 55. Kb4 Qc3+ 56. Ka4 d3# 0-1

[Event "POL-chT2 U20 Girls"]
[Site "Lublin"]
[Date "2007.07.10"]
[Round "5"]
[White "Gondko, Katarzyna"]
[Black "Gola, Karolina"]
[Result "0-1"]
[WhiteElo "1821"]
[BlackElo "1878"]
[PlyCount "58"]
[EventDate "2007.07.07"]
[EventType "team-tourn"]
[EventRounds "11"]
[EventCountry "POL"]
[SourceTitle "EXT 2010"]
[Source "ChessBase"]
[SourceDate "2010.11.25"]
[SourceVersion "1"]
[SourceVersionDate "2010.11.25"]
[SourceQuality "1"]

1. d4 d5 2. c4 e6 3. Nc3 Nf6 4. cxd5 exd5 5. Bg5 Be7 6. e3 c6 7. Bd3 0-0 8. Qc2 h6 9. Bh4 Be6 10. Nf3 Nbd7 11. 0-0 Re8 12. Rab1 Nh5 13. Bxe7 Qxe7 14. b4 Nhf6 15. b5 c5 16. dxc5 Nxc5 17. Rfd1 Rac8 18. Qe2 Nce4 19. Na4 Qa3 20. Bc2 Rc4 21. Rd3 Qe7 22. Bb3 Rc7 23. Nd4 Nc5 24. Rc3 Nfe4 25. Rcc1 Nxa4 26. Bxa4 Nc3 27. Qc2 Rec8 28. Qb3 Nxb1 29. Rxc7 Qxc7 0-1

[Event "POL-chT3 U19 Slaska"]
[Site "Slask"]
[Date "2007.05.20"]
[Round "9.29"]
[White "Jasinska, Martyna"]
[Black "Gola, Karolina"]
[Result "0-1"]
[WhiteElo "1400"]
[BlackElo "1856"]
[PlyCount "56"]
[EventDate "2007.01.27"]
[EventType "team-tourn"]
[EventRounds "11"]
[EventCountry "POL"]
[SourceTitle "EXT 2019"]
[Source "ChessBase"]
[SourceDate "2018.10.10"]
[SourceVersion "1"]
[SourceVersionDate "2018.10.10"]
[SourceQuality "1"]
[WhiteTeam "Katowice Hetman Szopienice U19"]
[BlackTeam "Gliwice Politechnika Slaska U19 II"]
[WhiteTeamCountry "POL"]
[BlackTeamCountry "POL"]

1. e4 c5 2. Nf3 e6 3. d4 cxd4 4. Nxd4 a6 5. Nc3 b5 6. Bd3 Bb7 7. Be3 d6 8. 0-0 Nf6 9. f4 b4 10. Nb1 Nxe4 11. Qf3 Nc5 12. Qe2 Nbd7 13. Nd2 Nf6 14. Rae1 Be7 15. Bf2 Nxd3 16. Qxd3 0-0 17. Qe2 Nd5 18. Qf3 Qc7 19. g4 e5 20. fxe5 dxe5 21. Nf5 Bc5 22. Ne4 Bxf2+ 23. Rxf2 Nf4 24. Qg3 Bxe4 25. Rxe4 Rad8 26. Re1 Qc5 27. h4 Rd2 28. Ref1 Ne2+ 0-1

[Event "POL-ch U18 Girls"]
[Site "Leba"]
[Date "2007.03.30"]
[Round "9"]
[White "Gorol, Magdalena"]
[Black "Gola, Karolina"]
[Result "0-1"]
[WhiteElo "1823"]
[BlackElo "1856"]
[PlyCount "52"]
[EventDate "2007.03.24"]
[EventType "swiss"]
[EventRounds "11"]
[EventCountry "POL"]
[SourceTitle "EXT 2011"]
[Source "ChessBase"]
[SourceDate "2010.11.26"]
[SourceVersion "1"]
[SourceVersionDate "2010.11.26"]
[SourceQuality "1"]

1. e4 c5 2. Nf3 e6 3. d4 cxd4 4. Nxd4 a6 5. Bd3 Qc7 6. Nc3 Nc6 7. Nb3 Nf6 8. 0-0 Be7 9. f4 d6 10. Be3 0-0 11. g4 b5 12. g5 Ne8 13. Qh5 g6 14. Qh6 b4 15. Rf3 f6 16. f5 Ne5 17. Rh3 Rf7 18. Bd4 Bf8 19. Qh4 fxg5 20. Qxg5 bxc3 21. Kh1 exf5 22. exf5 Bxf5 23. Bxf5 Rxf5 24. Qg2 cxb2 25. Bxb2 Qc6 26. Nd4 Qxg2+ 0-1

[Event "POL-ch U18 Girls"]
[Site "Leba"]
[Date "2007.03.27"]
[Round "5"]
[White "Gola, Karolina"]
[Black "Sobierska, Wioletta"]
[Result "0-1"]
[WhiteElo "1856"]
[BlackElo "1971"]
[PlyCount "52"]
[EventDate "2007.03.24"]
[EventType "swiss"]
[EventRounds "11"]
[EventCountry "POL"]
[SourceTitle "EXT 2011"]
[Source "ChessBase"]
[SourceDate "2010.11.26"]
[SourceVersion "1"]
[SourceVersionDate "2010.11.26"]
[SourceQuality "1"]

1. e4 e6 2. d4 d5 3. exd5 exd5 4. Bd3 c5 5. dxc5 Bxc5 6. Nf3 Nf6 7. Qe2+ Be6 8. 0-0 0-0 9. Bg5 Re8 10. Qd1 h6 11. Bh4 g5 12. Bg3 Ne4 13. Bb5 Nc6 14. Nbd2 f5 15. Be5 Nxf2 16. Rxf2 Bxf2+ 17. Kxf2 Qb6+ 18. Nd4 Nxd4 19. Bxd4 Qxd4+ 20. Kf1 Re7 21. c3 Qb6 22. Bd3 Qxb2 23. Rb1 Qxc3 24. Rb3 Qc7 25. Nf3 g4 26. Nd4 Qf4+ 0-1

[Event "POL-ch U18 Girls"]
[Site "Leba"]
[Date "2007.03.25"]
[Round "3"]
[White "Kacprzyk, Kaja"]
[Black "Gola, Karolina"]
[Result "0-1"]
[WhiteElo "1742"]
[BlackElo "1856"]
[PlyCount "192"]
[EventDate "2007.03.24"]
[EventType "swiss"]
[EventRounds "11"]
[EventCountry "POL"]
[SourceTitle "EXT 2011"]
[Source "ChessBase"]
[SourceDate "2010.11.26"]
[SourceVersion "1"]
[SourceVersionDate "2010.11.26"]
[SourceQuality "1"]

1. e4 c5 2. f4 e6 3. Nf3 d5 4. e5 Nc6 5. c3 Nge7 6. d4 cxd4 7. cxd4 Nf5 8. g4 Nh4 9. Be3 Bb4+ 10. Nc3 Nxf3+ 11. Qxf3 Qa5 12. Bf2 Bd7 13. a3 Rc8 14. Be2 Bxc3+ 15. Qxc3 Qxc3+ 16. bxc3 Na5 17. Rc1 Ba4 18. Bd1 Bxd1 19. Kxd1 Nc4 20. Ra1 Rc6 21. Kc2 Kd7 22. Rhb1 b6 23. Kd3 Rhc8 24. Be1 f6 25. a4 fxe5 26. dxe5 g5 27. Bg3 gxf4 28. Bxf4 Na5 29. Bd2 Rc4 30. h3 Re4 31. Rf1 Re8 32. Rf7+ Re7 33. Rxe7+ Kxe7 34. Bg5+ Ke8 35. Bf6 Nc6 36. Rb1 Rxa4 37. Re1 Rf4 38. Kc2 Re4 39. Rxe4 dxe4 40. h4 a5 41. h5 e3 42. Bg5 e2 43. Kd2 Nxe5 44. Kxe2 Nxg4 45. Kd3 Kd7 46. Kc4 Kc6 47. Be7 b5+ 48. Kd4 Kd7 49. Bf8 Nf6 50. Kc5 b4 51. cxb4 axb4 52. Kxb4 Nxh5 53. Kc5 Nf6 54. Bh6 Ng4 55. Bg5 h5 56. Kd4 Ke8 57. Ke4 Kf7 58. Bh4 Kg6 59. Kf4 Nh6 60. Ke5 Nf5 61. Bf2 Kf7 62. Kf4 Kf6 63. Be1 e5+ 64. Kf3 Nd6 65. Kg3 Nf5+ 66. Kf3 Nd4+ 67. Ke4 Kg5 68. Bf2 Kf6 69. Bh4+ Ke6 70. Bg3 Nc6 71. Bh4 Nb4 72. Bg3 Nc6 73. Bh4 Nb8 74. Bg3 Nd7 75. Bh4 Nf6+ 76. Kf3 Kf5 77. Kg3 e4 78. Kf2 Ng4+ 79. Kg3 e3 80. Kf3 Ke5 81. Bg5 Kd4 82. Ke2 Ke4 83. Bh4 Kf4 84. Be7 Nh6 85. Bf6 Nf5 86. Bd8 Nd4+ 87. Kf1 Kf3 88. Bh4 e2+ 89. Kg1 Nc2 90. Kh2 Kg4 91. Bf2 e1Q 92. Bxe1 Nxe1 93. Kg1 Kg3 94. Kh1 h4 95. Kg1 Nd3 96. Kh1 Nf2+ 0-1

[Event "POL-ch U18 Girls"]
[Site "Leba"]
[Date "2006.04.01"]
[Round "10"]
[White "Gola, Karolina"]
[Black "Kupsik, Joanna"]
[Result "0-1"]
[WhiteElo "1845"]
[BlackElo "1600"]
[PlyCount "74"]
[EventDate "2006.03.25"]
[EventType "swiss"]
[EventRounds "11"]
[EventCountry "POL"]
[SourceTitle "CBM 111 Extra"]
[Source "ChessBase"]
[SourceDate "2006.05.09"]
[SourceVersion "1"]
[SourceVersionDate "2006.05.09"]
[SourceQuality "1"]

1. e4 e5 2. Nf3 d6 3. d4 exd4 4. Qxd4 Nc6 5. Bb5 Bd7 6. Bxc6 Bxc6 7. Nc3 h6 8. Bf4 Ne7 9. 0-0-0 Ng6 10. e5 Bxf3 11. gxf3 Qh4 12. Nd5 Kd7 13. exd6 Nxf4 14. Qa4+ c6 15. Qxf4 Qxf4+ 16. Nxf4 Bxd6 17. Rd4 Kc7 18. Rhd1 Rad8 19. h3 Rhe8 20. Nh5 g6 21. Nf6 Re2 22. Rxd6 Rxd6 23. Rxd6 Kxd6 24. Ne4+ Ke5 25. Kd1 Rxe4 26. fxe4 Kxe4 27. Ke2 f5 28. f3+ Kf4 29. Kf2 g5 30. c4 c5 31. a3 a5 32. a4 b6 33. b3 h5 34. Kg2 Ke3 35. Kg3 h4+ 36. Kg2 f4 37. Kh2 Kxf3 0-1

[Event "POL-ch U18 Girls"]
[Site "Leba"]
[Date "2006.03.31"]
[Round "9"]
[White "Czajkowska, Natalia"]
[Black "Gola, Karolina"]
[Result "1/2-1/2"]
[WhiteElo "1600"]
[BlackElo "1845"]
[PlyCount "154"]
[EventDate "2006.03.25"]
[EventType "swiss"]
[EventRounds "11"]
[EventCountry "POL"]
[SourceTitle "CBM 111 Extra"]
[Source "ChessBase"]
[SourceDate "2006.05.09"]
[SourceVersion "1"]
[SourceVersionDate "2006.05.09"]
[SourceQuality "1"]

1. d4 d5 2. c4 e6 3. Nf3 Nf6 4. Qc2 Be7 5. Bg5 Nbd7 6. e3 h6 7. Bh4 0-0 8. Nc3 b6 9. cxd5 exd5 10. Bd3 c5 11. 0-0 Bb7 12. Rad1 Re8 13. dxc5 bxc5 14. Bb5 a6 15. Ba4 Rf8 16. Bxd7 Qxd7 17. Bxf6 Bxf6 18. Nxd5 Bxd5 19. Qxc5 Qa4 20. Rxd5 Qxa2 21. Rd2 Rfc8 22. Qf5 a5 23. b4 Qc4 24. bxa5 Rc5 25. Qd3 Qxd3 26. Rxd3 Rcxa5 27. Rfd1 Ra2 28. R3d2 Rxd2 29. Nxd2 Rd8 30. Kf1 Kf8 31. Ke2 Ke7 32. Ne4 Rxd1 33. Kxd1 Be5 34. f4 Bb8 35. Ke2 Ke6 36. g4 g6 37. Kf3 Ba7 38. h4 f5 39. gxf5+ gxf5 40. Ng3 Bb6 41. h5 Bc7 42. e4 fxe4+ 43. Kxe4 Bd6 44. Nf5 Bf8 45. Nd4+ Kf6 46. Nf5 Ke6 47. Ne3 Bg7 48. Ng4 Bf8 49. f5+ Kd6 50. Kf4 Kd5 51. Ne3+ Kd6 52. Nc4+ Kd5 53. Ne3+ Kd6 54. Ke4 Bg7 55. Nd5 Bf8 56. Ne3 Bg7 57. Ng4 Bf8 58. Nf2 Bg7 59. Nd3 Bf6 60. Nf4 Bg7 61. Ne6 Bf6 62. Nf4 Bg7 63. Ne2 Bf6 64. Nd4 Bg7 65. Ne2 Bf6 66. Nf4 Bg7 67. Nd5 Bf8 68. Nc3 Bg7 69. Nb5+ Kc6 70. Nd4+ Kd6 71. Nc2 Bf6 72. Ne3 Bg7 73. f6 Bxf6 74. Kf5 Bg5 75. Ng4 Ke7 76. Kg6 Kf8 77. Kh7 Bc1 1/2-1/2

[Event "POL-ch U18 Girls"]
[Site "Leba"]
[Date "2006.03.29"]
[Round "7"]
[White "Kaniak, Monika"]
[Black "Gola, Karolina"]
[Result "1-0"]
[WhiteElo "1887"]
[BlackElo "1845"]
[PlyCount "43"]
[EventDate "2006.03.25"]
[EventType "swiss"]
[EventRounds "11"]
[EventCountry "POL"]
[SourceTitle "CBM 111 Extra"]
[Source "ChessBase"]
[SourceDate "2006.05.09"]
[SourceVersion "1"]
[SourceVersionDate "2006.05.09"]
[SourceQuality "1"]

1. d4 d5 2. Nf3 c5 3. Bf4 cxd4 4. Nxd4 Nc6 5. e3 e6 6. Nc3 Bd6 7. Bxd6 Qxd6 8. Qg4 Qe5 9. 0-0-0 a6 10. Nf3 Qf6 11. Bd3 Nge7 12. Qg3 e5 13. Be2 Be6 14. h4 e4 15. Ng5 0-0 16. f3 h6 17. fxe4 hxg5 18. hxg5 Qg6 19. Qh4 f6 20. exd5 Bf5 21. dxc6 Nxc6 22. Bc4+ 1-0

[Event "POL-ch U18 Girls"]
[Site "Leba"]
[Date "2006.03.28"]
[Round "6"]
[White "Gola, Karolina"]
[Black "Skupinska, Anna"]
[Result "1/2-1/2"]
[WhiteElo "1845"]
[BlackElo "1890"]
[PlyCount "55"]
[EventDate "2006.03.25"]
[EventType "swiss"]
[EventRounds "11"]
[EventCountry "POL"]
[SourceTitle "CBM 111 Extra"]
[Source "ChessBase"]
[SourceDate "2006.05.09"]
[SourceVersion "1"]
[SourceVersionDate "2006.05.09"]
[SourceQuality "1"]

1. e4 e6 2. d4 d5 3. exd5 exd5 4. Bd3 Bd6 5. Qf3 Nc6 6. c3 Nge7 7. Ne2 Be6 8. 0-0 Qd7 9. h3 f6 10. Bf4 0-0-0 11. Re1 Rdf8 12. Bxd6 Qxd6 13. Nf4 Bd7 14. Bb5 g5 15. Bxc6 Nxc6 16. Nxd5 h5 17. Ne3 g4 18. hxg4 hxg4 19. Qg3 Qe7 20. Na3 Qh7 21. Kf1 Qe4 22. f3 Qd3+ 23. Kf2 f5 24. f4 Re8 25. Nac4 Qe4 26. Nd2 Qd3 27. Ndc4 Qe4 28. Nd2 1/2-1/2

[Event "POL-ch U18 Girls"]
[Site "Leba"]
[Date "2006.03.26"]
[Round "3"]
[White "Wesolowska, Edyta"]
[Black "Gola, Karolina"]
[Result "1/2-1/2"]
[WhiteElo "1886"]
[BlackElo "1845"]
[PlyCount "49"]
[EventDate "2006.03.25"]
[EventType "swiss"]
[EventRounds "11"]
[EventCountry "POL"]
[SourceTitle "CBM 111 Extra"]
[Source "ChessBase"]
[SourceDate "2006.05.09"]
[SourceVersion "1"]
[SourceVersionDate "2006.05.09"]
[SourceQuality "1"]

1. d4 d5 2. c4 e6 3. Nc3 Nf6 4. Bg5 Be7 5. e3 h6 6. Bh4 0-0 7. Nf3 b6 8. Rc1 dxc4 9. Bxc4 Bb7 10. 0-0 Nbd7 11. Qe2 Nd5 12. Bxe7 Qxe7 13. Nxd5 exd5 14. Ba6 Bxa6 15. Qxa6 c5 16. Rfd1 Nf6 17. Rc2 Rac8 18. Rdc1 Rc7 19. Ne5 Rfc8 20. h3 Kh7 21. Qd3+ Kg8 22. Qf5 Qe6 23. Qf3 Qd6 24. Qf5 Qe6 25. Qf3 1/2-1/2